| 000 | 00917nam a22002177a 4500 | ||
|---|---|---|---|
| 008 | 100305t xxu||||| |||| 00| 0 eng d | ||
| 010 | _aB-375912 | ||
| 020 |
_a9780684843742 _c995.00 |
||
| 035 | _aB-375912 | ||
| 037 |
_aUBH _bRP/CL/E;26/104/20-02-10/20-02-10/25-02-10 |
||
| 040 |
_adpl _beng |
||
| 082 | _a646.75 | ||
| 100 | _aSchwarzenegger,Arnold | ||
| 245 |
_aThe new Encyclopadia of modern bodybuilding/ _cArnold Schwarzenegger with Bill Dobbins |
||
| 260 |
_aNew York _bSimon & Schuster Paperbacks _c1998 |
||
| 270 |
_aRockefeller Center 1230 Avenue Of the Americas _bNew York _eNY 10020 |
||
| 300 |
_axxxii,800pgs _c27cm |
||
| 942 |
_2ddc _cEN _h646.75 _mSCH |
||
| 999 |
_c34438 _d34438 |
||